[Event "ISL-ch"]
[Site "Mosfellsbaer"]
[Date "2024.04.23"]
[Round "7"]
[White "Gretarsson, Hjorvar Steinn"]
[Black "Stefansson, Vignir Vatnar"]
[Result "1/2-1/2"]
[WhiteElo "2518"]
[BlackElo "2459"]
[PlyCount "68"]
[EventDate "2024.04.16"]
[EventType "tourn"]
[EventRounds "11"]
[EventCountry "ISL"]
[EventCategory "6"]
[SourceTitle "CB18_2024"]
[SourceDate "2024.05.01"]
[SourceVersion "1"]
[SourceVersionDate "2024.05.01"]
[SourceQuality "2"]

1. c4 e6 2. Nc3 d5 3. d4 Be7 4. cxd5 exd5 5. Bf4 Nf6 6. e3 Bf5 7. Qb3 Nc6 8. Qxb7 Nb4 9. Rc1 0-0 10. a3 Nc2+ 11. Rxc2 Bxc2 12. Bxc7 Qc8 13. Ba6 Qxb7 14. Bxb7 Rab8 15. Bxb8 Rxb8 16. Bxd5 Rxb2 17. Bc4 Bxa3 18. Nge2 a5 19. 0-0 Bb4 20. f3 a4 21. Ra1 a3 22. Nb5 Bb3 23. Bxb3 Rxb3 24. e4 Bf8 25. Nbc3 Bb4 26. Rc1 Rb2 27. Kf1 h5 28. Na4 Rd2 29. Nac3 h4 30. Rb1 Bxc3 31. Nxc3 Rxd4 32. Rb3 Rd2 33. Rxa3 h3 34. gxh3 Rxh2 1/2-1/2

[Event "ISL-ch"]
[Site "Hafnarfjordur"]
[Date "2023.05.23"]
[Round "9"]
[White "Gretarsson, Hjorvar Steinn"]
[Black "Stefansson, Hannes"]
[Result "0-1"]
[WhiteElo "2539"]
[BlackElo "2521"]
[PlyCount "132"]
[EventDate "2023.05.15"]
[EventType "tourn"]
[EventRounds "11"]
[EventCountry "ISL"]
[EventCategory "6"]
[SourceTitle "CBM 214 Extra"]
[Source "ChessBase"]
[SourceDate "2023.07.31"]
[SourceVersion "1"]
[SourceVersionDate "2023.07.31"]
[SourceQuality "1"]

1. d4 Nf6 2. c4 e6 3. Nc3 Bb4 4. Qc2 0-0 5. e4 d5 6. e5 Ne4 7. Bd3 c5 8. Nf3 cxd4 9. Nxd4 Nd7 10. Bf4 Qh4 11. g3 Qh5 12. 0-0 g5 13. cxd5 gxf4 14. Bxe4 Nxe5 15. gxf4 Ng4 16. f3 Ne3 17. Qd3 Nxf1 18. Rxf1 Bxc3 19. Qxc3 e5 20. fxe5 Bh3 21. Rd1 Qg5+ 22. Kf2 Qxe5 23. Rg1+ Kh8 24. Rg3 Bd7 25. Nf5 Qxc3 26. bxc3 Bxf5 27. Bxf5 Rad8 28. c4 b5 29. Ke3 bxc4 30. Kd4 Rd6 31. Rh3 Rfd8 32. Rxh7+ Kg8 33. Be4 f5 34. Rxa7 fxe4 35. fxe4 Rc8 36. Ra3 Rh6 37. h3 Rh4 38. d6 c3 39. Rxc3 Re8 40. Re3 Kf7 41. Kd5 Ra8 42. Rf3+ Ke8 43. e5 Rh6 44. Rf5 Rxa2 45. Rg5 Rxh3 46. Rg6 Rd2+ 47. Ke6 Rh8 48. Rg7 Rh6+ 49. Kf5 Rf2+ 50. Ke4 Rh4+ 51. Kd5 Rd2+ 52. Ke6 Rh6+ 53. Kf5 Rd5 54. Ke4 Rd1 55. Kf5 Rd5 56. Ke4 Rd2 57. Kf5 Rf2+ 58. Ke4 Rh1 59. Kd5 Re2 60. Rg5 Rd2+ 61. Ke4 Re1+ 62. Kf5 Kf7 63. e6+ Rxe6 64. Rg7+ Kxg7 65. Kxe6 Re2+ 66. Kd7 Kf7 0-1

[Event "ISL-ch"]
[Site "Selfoss"]
[Date "2022.04.27"]
[Round "7"]
[White "Steingrimsson, Hedinn"]
[Black "Gretarsson, Hjorvar Steinn"]
[Result "0-1"]
[WhiteElo "2538"]
[BlackElo "2542"]
[PlyCount "56"]
[EventDate "2022.04.21"]
[EventType "tourn"]
[EventRounds "9"]
[EventCountry "ISL"]
[EventCategory "7"]
[SourceTitle "CBM 208 Extra"]
[Source "ChessBase"]
[SourceDate "2022.07.31"]
[SourceVersion "1"]
[SourceVersionDate "2022.07.31"]
[SourceQuality "1"]

1. d4 Nf6 2. c4 e6 3. Nc3 Bb4 4. e3 0-0 5. Bd3 d5 6. a3 Bxc3+ 7. bxc3 dxc4 8. Bxc4 c5 9. Ne2 Nc6 10. 0-0 e5 11. Bb2 Qb6 12. Qc2 Bg4 13. f3 Bh5 14. Qb3 Qc7 15. Qa4 Rac8 16. Rac1 Na5 17. Ba2 c4 18. Rf2 e4 19. Ng3 Bg6 20. f4 h5 21. f5 h4 22. fxg6 hxg3 23. gxf7+ Rxf7 24. Rf4 gxh2+ 25. Kh1 Nh5 26. Rxf7 Kxf7 27. Qb5 Ng3+ 28. Kxh2 Ne2+ 0-1

[Event "Reykjavik Kvika op"]
[Site "Reykjavik"]
[Date "2022.04.12"]
[Round "9"]
[White "Jarmula, Lukasz"]
[Black "Gretarsson, Hjorvar Steinn"]
[Result "0-1"]
[WhiteElo "2434"]
[BlackElo "2542"]
[PlyCount "106"]
[EventDate "2022.04.06"]
[EventType "swiss"]
[EventRounds "9"]
[EventCountry "ISL"]
[SourceTitle "CBM 207 Extra"]
[Source "ChessBase"]
[SourceDate "2022.05.31"]
[SourceVersion "1"]
[SourceVersionDate "2022.05.31"]
[SourceQuality "1"]

1. e4 c5 2. Nf3 e6 3. d4 cxd4 4. Nxd4 Nc6 5. Nc3 Qc7 6. Be2 Nf6 7. Ndb5 Qb8 8. f4 d6 9. Be3 Be7 10. g4 a6 11. Nd4 Nxd4 12. Qxd4 e5 13. Qd1 exf4 14. Bxf4 Be6 15. g5 Nd7 16. Nd5 Ne5 17. h4 b5 18. Qd4 Bxd5 19. Qxd5 0-0 20. 0-0-0 Qc7 21. Rh3 b4 22. Kb1 Rac8 23. c3 Qd7 24. Rh2 bxc3 25. Bxa6 Qg4 26. Bxe5 Rc5 27. Qd3 dxe5 28. b4 Rc6 29. Bb7 Rb6 30. Qd7 Rxb4+ 31. Ka1 Qf3 32. Rc1 Bc5 33. Rhc2 Bd4 34. Bd5 Rfb8 35. Bb3 Rxb3 36. axb3 Qxe4 37. h5 Qa8+ 38. Qa4 Qb7 39. Kb1 Ra8 40. Qc4 Rc8 41. Qa4 Qe4 42. Qa6 Ra8 43. Qc4 g6 44. h6 Rb8 45. Ka2 Qf5 46. b4 Qxg5 47. Rf1 Qe7 48. Kb3 Qd7 49. Rxc3 Bxc3 50. Qxc3 Rc8 51. Qf3 Qe6+ 52. Kb2 Qc4 53. Ka3 e4 0-1

[Event "Reykjavik Kvika op"]
[Site "Reykjavik"]
[Date "2022.04.09"]
[Round "5"]
[White "Niemann, Hans Moke"]
[Black "Gretarsson, Hjorvar Steinn"]
[Result "1-0"]
[WhiteElo "2637"]
[BlackElo "2542"]
[PlyCount "73"]
[EventDate "2022.04.06"]
[EventType "swiss"]
[EventRounds "9"]
[EventCountry "ISL"]
[SourceTitle "CBM 207 Extra"]
[Source "ChessBase"]
[SourceDate "2022.05.31"]
[SourceVersion "1"]
[SourceVersionDate "2022.05.31"]
[SourceQuality "1"]

1. e4 c5 2. Nf3 e6 3. d4 cxd4 4. Nxd4 Nc6 5. Nc3 Qc7 6. Be2 a6 7. Nxc6 bxc6 8. Qd3 d5 9. Qg3 Qxg3 10. hxg3 Nf6 11. g4 Bb4 12. Bd2 0-0 13. e5 Nd7 14. f4 f6 15. exf6 Nxf6 16. g5 Nd7 17. 0-0-0 e5 18. Rh4 Be7 19. Bd3 h6 20. Rh2 Nc5 21. gxh6 Nxd3+ 22. cxd3 exf4 23. hxg7 Kxg7 24. Rdh1 Bg5 25. Rh7+ Kg6 26. Rc7 Be6 27. Rxc6 Rf6 28. Re1 Bf7 29. Rxf6+ Bxf6 30. Ne2 Rc8+ 31. Kb1 Bh4 32. Nxf4+ Kf5 33. Rf1 Kg4 34. Ne2 Bg8 35. Rf4+ Kh5 36. Ra4 Bh7 37. Nf4+ 1-0

[Event "Reykjavik Kvika op"]
[Site "Reykjavik"]
[Date "2022.04.06"]
[Round "1"]
[White "Ptacnikova, Lenka"]
[Black "Gretarsson, Hjorvar Steinn"]
[Result "0-1"]
[WhiteElo "2186"]
[BlackElo "2542"]
[PlyCount "70"]
[EventDate "2022.04.06"]
[EventType "swiss"]
[EventRounds "9"]
[EventCountry "ISL"]
[SourceTitle "CBM 207 Extra"]
[Source "ChessBase"]
[SourceDate "2022.05.31"]
[SourceVersion "1"]
[SourceVersionDate "2022.05.31"]
[SourceQuality "1"]

1. c4 f5 2. g3 Nf6 3. Bg2 e5 4. d4 e4 5. Nh3 c6 6. 0-0 Be7 7. Nc3 0-0 8. f3 d5 9. cxd5 cxd5 10. Bg5 Be6 11. Rc1 Nc6 12. Na4 h6 13. Bxf6 Bxf6 14. e3 Qe7 15. Nc5 exf3 16. Qxf3 Bf7 17. Kh1 g6 18. g4 b6 19. Nd3 Rac8 20. gxf5 g5 21. Qg3 Kh7 22. Rc3 Na5 23. Rfc1 Rxc3 24. Rxc3 Nc4 25. b3 Nxe3 26. Ne5 Nxf5 27. Qd3 Bg6 28. Nxg6 Kxg6 29. Rc1 Qe3 30. Qb1 Bxd4 31. Rf1 Qe5 32. Bf3 Kg7 33. Rd1 Ne3 34. Bh5 Rf6 35. Rc1 Bc5 0-1

[Event "ISL-chT1 2122"]
[Site "Reykjavik"]
[Date "2022.03.04"]
[Round "7.2"]
[White "Gretarsson, Hjorvar Steinn"]
[Black "Thybo, Jesper Sondergaard"]
[Result "1/2-1/2"]
[WhiteElo "2554"]
[BlackElo "2590"]
[PlyCount "73"]
[EventDate "2021.09.30"]
[EventType "team-tourn"]
[EventRounds "10"]
[EventCountry "ISL"]
[SourceTitle "EXT 2024"]
[Source "ChessBase"]
[SourceDate "2023.10.10"]
[SourceVersion "1"]
[SourceVersionDate "2023.10.10"]
[SourceQuality "1"]
[WhiteTeam "Taflfelag Gardabaejar"]
[BlackTeam "Skakdeild Fjolnis"]
[WhiteTeamCountry "ISL"]
[BlackTeamCountry "ISL"]

1. c4 e5 2. Nc3 Nf6 3. e3 c6 4. Nf3 e4 5. Nd4 d5 6. cxd5 cxd5 7. d3 Bc5 8. Nb3 Bb4 9. Bd2 exd3 10. Bxd3 a6 11. Na4 Bg4 12. f3 Bxd2+ 13. Qxd2 Bd7 14. Nac5 Bc6 15. Nd4 0-0 16. Rc1 Qb6 17. Bf5 g6 18. Bh3 Bd7 19. g4 Re8 20. 0-0 h6 21. Rfd1 Nc6 22. Nxc6 Bxc6 23. Qd4 Qd8 24. Bf1 a5 25. Rc3 Nh7 26. Qf4 Qh4 27. Nb3 Ng5 28. Nd4 Ne6 29. Qg3 Qf6 30. Qf2 Nxd4 31. Rxd4 Re7 32. Bg2 Rae8 33. f4 Kg7 34. h4 Qe6 35. Qg3 Qf6 36. Qf2 Qe6 37. Qg3 1/2-1/2

[Event "ISL-chT1 2122"]
[Site "Reykjavik"]
[Date "2022.03.03"]
[Round "6.3"]
[White "Stefansson, Vignir Vatnar"]
[Black "Gretarsson, Hjorvar Steinn"]
[Result "1/2-1/2"]
[WhiteElo "2477"]
[BlackElo "2554"]
[PlyCount "83"]
[EventDate "2021.09.30"]
[EventType "team-tourn"]
[EventRounds "10"]
[EventCountry "ISL"]
[SourceTitle "EXT 2024"]
[Source "ChessBase"]
[SourceDate "2023.10.10"]
[SourceVersion "1"]
[SourceVersionDate "2023.10.10"]
[SourceQuality "1"]
[WhiteTeam "Breidjablik Bolungarvik"]
[BlackTeam "Taflfelag Gardabaejar"]
[WhiteTeamCountry "ISL"]
[BlackTeamCountry "ISL"]

1. c4 Nf6 2. Nc3 e5 3. Nf3 Nc6 4. e3 Bb4 5. Qc2 0-0 6. Nd5 Re8 7. Qf5 d6 8. Nxf6+ Qxf6 9. Qxf6 gxf6 10. a3 Bc5 11. b4 Bb6 12. d3 a5 13. b5 Ne7 14. a4 Bc5 15. Nd2 d5 16. Nb3 Bb4+ 17. Bd2 dxc4 18. dxc4 Bf5 19. Bxb4 axb4 20. Ra2 c6 21. bxc6 Nxc6 22. Be2 Na5 23. Nxa5 Rxa5 24. Rb2 Rxa4 25. 0-0 Rea8 26. g4 Bg6 27. Re1 f5 28. gxf5 Bxf5 29. f3 e4 30. f4 Kf8 31. Reb1 Ra2 32. Kf2 R8a4 33. Ke1 Rxb2 34. Rxb2 Be6 35. Kd2 b5 36. cxb5 Ke7 37. f5 Bd5 38. Bd1 Ra2 39. Kc1 Ra1+ 40. Kd2 Ra2 41. Kc1 Ra1+ 42. Kd2 1/2-1/2

[Event "Reykjavik 4 Nations Cup"]
[Site "Reykjavik"]
[Date "2022.01.30"]
[Round "3.1"]
[White "Seo, Jung Min"]
[Black "Gretarsson, Hjorvar Steinn"]
[Result "1-0"]
[WhiteElo "2466"]
[BlackElo "2548"]
[PlyCount "90"]
[EventDate "2022.01.30"]
[EventType "team-tourn (rapid)"]
[EventRounds "6"]
[EventCountry "ISL"]
[SourceTitle "CBM 206 Extra"]
[Source "ChessBase"]
[SourceDate "2022.03.31"]
[SourceVersion "1"]
[SourceVersionDate "2022.03.31"]
[SourceQuality "1"]
[WhiteTeam "Sweden"]
[BlackTeam "Iceland"]
[WhiteTeamCountry "SWE"]
[BlackTeamCountry "ISL"]

1. d4 Nf6 2. c4 e6 3. Nf3 b6 4. g3 Bb7 5. Bg2 Be7 6. 0-0 0-0 7. Nc3 Ne4 8. Bd2 d5 9. cxd5 exd5 10. Ne5 Nxc3 11. bxc3 Nd7 12. Nd3 c6 13. a4 Nf6 14. f3 c5 15. Rb1 Ba6 16. Re1 Re8 17. Nf2 Rc8 18. g4 h6 19. Bf4 cxd4 20. cxd4 Rc4 21. e3 Bd6 22. Bxd6 Qxd6 23. Bf1 Rec8 24. Bxc4 Bxc4 25. Qd2 Rd8 26. Kg2 Re8 27. Nd3 Qa3 28. Ne5 Rc8 29. Ra1 Qd6 30. Rec1 Nd7 31. Nxc4 dxc4 32. Qe2 Qe6 33. e4 Nf6 34. Rc2 Nd7 35. Rac1 Rd8 36. Rxc4 Nf6 37. Qf2 Qd7 38. d5 Qd6 39. Rc6 Qe5 40. Qg3 Qd4 41. Rc8 Rxc8 42. Rxc8+ Kh7 43. Qf2 Qxa4 44. Rc2 Qa5 45. Ra2 Qb4 1-0